[Event "Regionalliga NO 1617"]
[Site "Bayern"]
[Date "2017.02.05"]
[Round "5.7"]
[White "Grossmann, Philipp"]
[Black "Eichstaedt, Timm"]
[Result "1-0"]
[WhiteElo "1891"]
[BlackElo "1954"]
[PlyCount "79"]
[EventDate "2016.10.16"]
[EventType "team-tourn"]
[EventRounds "9"]
[EventCountry "GER"]
[SourceTitle "EXT 2019"]
[Source "ChessBase"]
[SourceDate "2018.10.10"]
[SourceVersion "1"]
[SourceVersionDate "2018.10.10"]
[SourceQuality "1"]
[WhiteTeam "Kareth Lappersdorf II"]
[BlackTeam "Herzogenaurach II"]
[WhiteTeamCountry "GER"]
[BlackTeamCountry "GER"]

1. b4 e6 2. Bb2 Nf6 3. b5 a6 4. a4 axb5 5. axb5 Rxa1 6. Bxa1 d5 7. e3 c5 8. c4 Nbd7 9. Nf3 Bd6 10. Be2 0-0 11. 0-0 Qc7 12. cxd5 exd5 13. d4 c4 14. Nc3 Re8 15. Qc2 Nf8 16. Bb2 Bg4 17. h3 Bh5 18. Ra1 Qd8 19. Na4 Qa5 20. Nc3 Qd8 21. Na4 N8d7 22. Ba3 Bxa3 23. Rxa3 Qa5 24. Ra2 Qxb5 25. Nc3 Qc6 26. Rb2 Ra8 27. Ne5 Nxe5 28. dxe5 Ra1+ 29. Kh2 Bxe2 30. Nxe2 Qc7 31. f4 Ne4 32. Nd4 h6 33. Rb5 Ra5 34. Qb1 c3 35. Rxb7 Qc4 36. e6 fxe6 37. Nxe6 Qc8 38. Rb8 Rc5 39. Rxc8+ Rxc8 40. Qb7 1-0

[Event "Regionalliga NO 1314"]
[Site "Bayern"]
[Date "2014.04.06"]
[Round "9.6"]
[White "Grossmann, Philipp"]
[Black "Diehl, Achim"]
[Result "0-1"]
[WhiteElo "1887"]
[BlackElo "1994"]
[PlyCount "90"]
[EventDate "2013.10.13"]
[EventType "team-tourn"]
[EventRounds "9"]
[EventCountry "GER"]
[SourceTitle "EXT 2020"]
[Source "ChessBase"]
[SourceDate "2019.10.17"]
[SourceVersion "1"]
[SourceVersionDate "2019.10.17"]
[SourceQuality "1"]
[WhiteTeam "Kareth Lappersdorf II"]
[BlackTeam "Nuernberg Sued SW II"]
[WhiteTeamCountry "GER"]
[BlackTeamCountry "GER"]

1. b4 Nf6 2. Bb2 d5 3. Nf3 e6 4. b5 Bd6 5. e3 a6 6. a4 c5 7. c4 0-0 8. Be2 axb5 9. axb5 Rxa1 10. Bxa1 b6 11. 0-0 Nbd7 12. d4 Qc7 13. Nbd2 Bb7 14. h3 Rc8 15. cxd5 exd5 16. Qc2 Qd8 17. Qb1 Qe8 18. Bc3 c4 19. Qb2 Nf8 20. Ra1 Ne6 21. Bd1 Nc7 22. Ba4 Ne4 23. Nxe4 dxe4 24. Ne5 Nd5 25. Nc6 f5 26. Bb4 Bxc6 27. Bxd6 Bb7 28. Bc2 Ra8 29. Ra3 Rxa3 30. Bxa3 f4 31. exf4 e3 32. Bd1 Nxf4 33. fxe3 Nxg2 34. Bg4 Qxe3+ 35. Qf2 Qxa3 36. Be6+ Kh8 37. Qf7 Qe3+ 38. Kh2 Qf4+ 39. Qxf4 Nxf4 40. Bxc4 g5 41. Kg3 Kg7 42. h4 h6 43. hxg5 hxg5 44. Kg4 Kf6 45. Bg8 Bd5 0-1

[Event "Regionalliga NO 1314"]
[Site "Bayern"]
[Date "2014.03.16"]
[Round "8.4"]
[White "Stoeckl, Stephan"]
[Black "Grossmann, Philipp"]
[Result "1-0"]
[WhiteElo "2038"]
[BlackElo "1887"]
[PlyCount "79"]
[EventDate "2013.10.13"]
[EventType "team-tourn"]
[EventRounds "9"]
[EventCountry "GER"]
[SourceTitle "EXT 2015"]
[Source "ChessBase"]
[SourceDate "2014.11.20"]
[SourceVersion "1"]
[SourceVersionDate "2014.11.20"]
[SourceQuality "1"]
[WhiteTeam "Schwandorf"]
[BlackTeam "Kareth Lappersdorf II"]
[WhiteTeamCountry "GER"]
[BlackTeamCountry "GER"]

1. Nf3 d5 2. c4 d4 3. b4 f6 4. e3 e5 5. Qb3 a5 6. b5 c5 7. d3 Bd6 8. Be2 Ne7 9. 0-0 0-0 10. Nbd2 Kh8 11. Ne4 b6 12. Nxd6 Qxd6 13. exd4 exd4 14. Qd1 Bb7 15. Nd2 f5 16. Bf3 Ra7 17. Re1 Nd7 18. Qe2 Ng6 19. g3 Nde5 20. Bxb7 Rxb7 21. Nf3 Re7 22. Bg5 Re6 23. Nxe5 Rxe5 24. Bf4 Nxf4 25. Qxe5 Qxe5 26. Rxe5 Nxd3 27. Re2 f4 28. f3 fxg3 29. hxg3 g5 30. Kg2 Rf5 31. Rd1 Re5 32. Red2 Nb4 33. a3 Re3 34. axb4 axb4 35. Rc1 Kg7 36. Kf2 Kf6 37. g4 Ke5 38. Re2 Kf4 39. Rxe3 dxe3+ 40. Ke2 1-0

[Event "Regionalliga NO 1314"]
[Site "Bayern"]
[Date "2013.11.10"]
[Round "2.2"]
[White "Grossmann, Philipp"]
[Black "Burggraf, Michael"]
[Result "1/2-1/2"]
[WhiteElo "1887"]
[BlackElo "2160"]
[PlyCount "93"]
[EventDate "2013.10.13"]
[EventType "team-tourn"]
[EventRounds "9"]
[EventCountry "GER"]
[SourceTitle "EXT 2015"]
[Source "ChessBase"]
[SourceDate "2014.11.20"]
[SourceVersion "1"]
[SourceVersionDate "2014.11.20"]
[SourceQuality "1"]
[WhiteTeam "Kareth Lappersdorf II"]
[BlackTeam "Forchheim II"]
[WhiteTeamCountry "GER"]
[BlackTeamCountry "GER"]

1. b4 d5 2. Bb2 Bf5 3. Nf3 Nd7 4. e3 Ngf6 5. c4 c6 6. Nc3 e5 7. Qb3 dxc4 8. Bxc4 Qe7 9. d4 exd4 10. Nxd4 Bg6 11. a3 a6 12. 0-0 c5 13. bxc5 Nxc5 14. Qa2 Qc7 15. Rfd1 Bd6 16. h3 0-0 17. Rac1 Rac8 18. Nd5 Nxd5 19. Bxd5 Qe7 20. Nf3 Nd3 21. Rxc8 Rxc8 22. Bd4 b5 23. Qa1 Bxa3 24. Bxg7 Rc2 25. Rxd3 Rc1+ 26. Rd1 Rxa1 27. Bxa1 Bd6 28. Rc1 Bf5 29. Rc6 a5 30. Ra6 Bc8 31. Rb6 Qc7 32. Rc6 Qd7 33. Ng5 Bb7 34. Nxf7 Bh2+ 35. Kxh2 Qxd5 36. Nh6+ Kf8 37. Rf6+ Ke8 38. f3 Bc8 39. Rf4 Qd6 40. Ng4 Bxg4 41. hxg4 b4 42. Kh3 Qh6+ 43. Kg3 Kd7 44. Rf7+ Kd6 45. Ra7 Qg5 46. f4 Qb5 47. Rxh7 1/2-1/2

[Event "Regionalliga NO 1213"]
[Site "Bayern"]
[Date "2013.02.03"]
[Round "6.7"]
[White "Grossmann, Philipp"]
[Black "Ertl, Daniel"]
[Result "1-0"]
[WhiteElo "1902"]
[BlackElo "1767"]
[PlyCount "51"]
[EventDate "2012.10.14"]
[EventType "team-tourn"]
[EventRounds "9"]
[EventCountry "GER"]
[SourceTitle "EXT 2015"]
[Source "ChessBase"]
[SourceDate "2014.11.20"]
[SourceVersion "1"]
[SourceVersionDate "2014.11.20"]
[SourceQuality "1"]
[WhiteTeam "Kareth Lappersdorf II"]
[BlackTeam "Amberg Siemens"]
[WhiteTeamCountry "GER"]
[BlackTeamCountry "GER"]

1. b4 c6 2. c4 d5 3. e3 Bf5 4. Bb2 e6 5. Nf3 Nf6 6. Qb3 Be7 7. Be2 0-0 8. 0-0 dxc4 9. Bxc4 Qb6 10. a3 a5 11. Bd4 Qc7 12. bxa5 c5 13. Be5 Qxa5 14. Qxb7 Nbd7 15. Nc3 Nxe5 16. Nxe5 Rab8 17. Qxe7 Qa8 18. Qxc5 Rfc8 19. Qd6 Ne4 20. Nxe4 Qxe4 21. Bd3 Qb7 22. Bxf5 exf5 23. Qd7 Qxd7 24. Nxd7 Rb7 25. Ne5 f6 26. Nf3 1-0

[Event "Regionalliga NO 1213"]
[Site "Bayern"]
[Date "2012.11.25"]
[Round "3.5"]
[White "Burggraf, Michael"]
[Black "Grossmann, Philipp"]
[Result "1/2-1/2"]
[WhiteElo "2119"]
[BlackElo "1902"]
[PlyCount "73"]
[EventDate "2012.10.14"]
[EventType "team-tourn"]
[EventRounds "9"]
[EventCountry "GER"]
[SourceTitle "EXT 2015"]
[Source "ChessBase"]
[SourceDate "2014.11.20"]
[SourceVersion "1"]
[SourceVersionDate "2014.11.20"]
[SourceQuality "1"]
[WhiteTeam "Forchheim II"]
[BlackTeam "Kareth Lappersdorf II"]
[WhiteTeamCountry "GER"]
[BlackTeamCountry "GER"]

1. e4 e5 2. Bc4 f5 3. d3 Nf6 4. Nc3 Nc6 5. Bg5 Be7 6. Bxf6 Bxf6 7. exf5 h5 8. Bd5 d6 9. Bf3 Bxf5 10. Bxh5+ g6 11. Bg4 Qd7 12. Nd5 Bg7 13. Bxf5 gxf5 14. c3 0-0-0 15. Qa4 Kb8 16. 0-0-0 Qf7 17. Ne3 Bh6 18. Kb1 Rdg8 19. Nf3 f4 20. Nc2 Rxg2 21. Rdf1 Qd5 22. Nce1 Rg7 23. Qe4 Qxe4 24. dxe4 Ne7 25. Kc2 Rhg8 26. h4 Kc8 27. Nh2 d5 28. Kd3 Kd7 29. b3 Ke6 30. a4 dxe4+ 31. Kxe4 Nd5 32. Kd3 Kf5 33. c4 e4+ 34. Kd4 Nf6 35. f3 Rd7+ 36. Kc3 exf3 37. Nhxf3 1/2-1/2

[Event "Regionalliga NO 0607"]
[Site "Bayern"]
[Date "2007.04.01"]
[Round "8.6"]
[White "Grossmann, Philipp"]
[Black "Hoffmann, Ayar"]
[Result "1/2-1/2"]
[WhiteElo "1931"]
[BlackElo "1825"]
[PlyCount "91"]
[EventDate "2006.10.15"]
[EventType "team-tourn"]
[EventRounds "9"]
[EventCountry "GER"]
[SourceTitle "EXT 2008"]
[Source "ChessBase"]
[SourceDate "2007.11.25"]
[SourceVersion "1"]
[SourceVersionDate "2007.11.25"]
[SourceQuality "1"]
[WhiteTeam "Kareth Lappersdorf"]
[BlackTeam "Postbauer Heng"]
[WhiteTeamCountry "GER"]
[BlackTeamCountry "GER"]

1. b4 d5 2. Bb2 Qd6 3. a3 e5 4. e3 Nf6 5. c4 c6 6. cxd5 cxd5 7. Nf3 Nfd7 8. Nc3 Nc6 9. Qb3 Nb6 10. Rc1 f6 11. d4 e4 12. Nd2 Be7 13. Be2 Be6 14. Nb5 Qd7 15. Nc3 0-0 16. Na4 Nxa4 17. Qxa4 a6 18. 0-0 Nxd4 19. Qd1 Nxe2+ 20. Qxe2 Bd6 21. Nb3 Qf7 22. Nd4 Bd7 23. f4 exf3 24. Qxf3 Rfe8 25. Rfe1 Re4 26. Nf5 Bb8 27. Bd4 Qe6 28. Rf1 Be5 29. Rcd1 Qxf5 30. Qxf5 Bxf5 31. Rxf5 g6 32. Rf3 Bxd4 33. Rxd4 Rxd4 34. exd4 Rf8 35. Rc3 Rf7 36. Rc8+ Kg7 37. Rd8 Rc7 38. Rxd5 Kf7 39. Ra5 Ke6 40. b5 axb5 41. Rxb5 Rd7 42. Kf2 Rxd4 43. Rxb7 Ra4 44. Rb3 h5 45. g3 g5 46. h3 1/2-1/2

[Event "Regionalliga NO 0607"]
[Site "Bayern"]
[Date "2007.02.04"]
[Round "5.6"]
[White "Grossmann, Philipp"]
[Black "Hanisch, Friedrich"]
[Result "1/2-1/2"]
[WhiteElo "1931"]
[BlackElo "2061"]
[PlyCount "76"]
[EventDate "2006.10.15"]
[EventType "team-tourn"]
[EventRounds "9"]
[EventCountry "GER"]
[SourceTitle "EXT 2008"]
[Source "ChessBase"]
[SourceDate "2007.11.25"]
[SourceVersion "1"]
[SourceVersionDate "2007.11.25"]
[SourceQuality "1"]
[WhiteTeam "Kareth Lappersdorf"]
[BlackTeam "Altensittenbach"]
[WhiteTeamCountry "GER"]
[BlackTeamCountry "GER"]

1. b4 d5 2. Bb2 Nf6 3. Nf3 Bf5 4. e3 e6 5. c4 c6 6. c5 Be7 7. Be2 h6 8. Ne5 Nbd7 9. 0-0 Nxe5 10. Bxe5 0-0 11. d4 Ne4 12. f3 Nf6 13. Nd2 Nd7 14. Bg3 Bf6 15. Bd6 Re8 16. f4 Be7 17. Bxe7 Qxe7 18. Nf3 f6 19. Nh4 g5 20. fxg5 fxg5 21. Rxf5 exf5 22. Nxf5 Qf6 23. Bd3 Re6 24. Qh5 Rf8 25. Rf1 Kh8 26. Rf3 Qg6 27. Qxg6 Rxg6 28. Ne7 Rgf6 29. Ng6+ Rxg6 30. Bxg6 Nf6 31. Bd3 Kg7 32. h3 a6 33. a4 Re8 34. g4 Ne4 35. Bxe4 Rxe4 36. Kf2 Re8 37. a5 Kg6 38. Kg3 Re4 1/2-1/2

[Event "Regionalliga NO 0607"]
[Site "Bayern"]
[Date "2006.10.29"]
[Round "2.5"]
[White "Grossmann, Philipp"]
[Black "Rosin, Ralf"]
[Result "1/2-1/2"]
[WhiteElo "1931"]
[BlackElo "1990"]
[PlyCount "58"]
[EventDate "2006.10.15"]
[EventType "team-tourn"]
[EventRounds "9"]
[EventCountry "GER"]
[SourceTitle "EXT 2008"]
[Source "ChessBase"]
[SourceDate "2007.11.25"]
[SourceVersion "1"]
[SourceVersionDate "2007.11.25"]
[SourceQuality "1"]
[WhiteTeam "Kareth Lappersdorf"]
[BlackTeam "Grieseebach"]
[WhiteTeamCountry "GER"]
[BlackTeamCountry "GER"]

1. b4 Nf6 2. Bb2 e6 3. b5 a6 4. a4 axb5 5. axb5 Rxa1 6. Bxa1 c5 7. c4 d5 8. e3 Nbd7 9. Nf3 Bd6 10. Be2 0-0 11. 0-0 b6 12. d4 Bb7 13. Nbd2 Qc7 14. Qb3 cxd4 15. exd4 dxc4 16. Qxc4 Nd5 17. Qxc7 Bxc7 18. Ne5 N7f6 19. Bb2 Ra8 20. Ra1 Rxa1+ 21. Bxa1 Nf4 22. Bf1 Ne4 23. Nxe4 Bxe4 24. f3 Bb7 25. Kf2 f6 26. Nc4 Kf7 27. g3 Nd5 28. Ne3 Bd6 29. Bd3 Nxe3 1/2-1/2

[Event "Regionalliga NO 0405"]
[Site "Bayern"]
[Date "2004.11.28"]
[Round "3.6"]
[White "Grossmann, Philipp"]
[Black "Hein, Manfred"]
[Result "0-1"]
[WhiteElo "1912"]
[BlackElo "2032"]
[PlyCount "160"]
[EventDate "2004.10.24"]
[EventType "team-tourn"]
[EventRounds "9"]
[EventCountry "GER"]
[SourceTitle "EXT 2007"]
[Source "ChessBase"]
[SourceDate "2006.11.23"]
[SourceVersion "1"]
[SourceVersionDate "2006.11.23"]
[SourceQuality "1"]
[WhiteTeam "Karethein"]
[BlackTeam "Gunzenhausen"]
[WhiteTeamCountry "GER"]
[BlackTeamCountry "GER"]

1. b4 Nf6 2. Bb2 g6 3. e3 Bg7 4. c4 0-0 5. Nf3 d6 6. d4 c5 7. bxc5 dxc5 8. Be2 Ne4 9. 0-0 b6 10. Nbd2 Bb7 11. Qc2 Nxd2 12. Qxd2 Nd7 13. d5 Qc7 14. Bxg7 Kxg7 15. Qc3+ Kg8 16. e4 f6 17. Nd2 Qe5 18. Qxe5 Nxe5 19. f4 Nf7 20. Bg4 Kg7 21. Be6 Nd8 22. Bd7 Nf7 23. Be6 Nd8 24. Bd7 Ba6 25. a4 Nf7 26. Bb5 Bb7 27. Bd7 Rfd8 28. Be6 Nd6 29. e5 Ne8 30. Bg4 Nc7 31. Rfe1 f5 32. Bf3 Rab8 33. Nb3 Na6 34. Rad1 Nb4 35. d6 Bxf3 36. gxf3 exd6 37. exd6 Rb7 38. a5 Kf7 39. axb6 axb6 40. Re5 Rbd7 41. Rde1 Rxd6 42. Re7+ Kg8 43. Rb7 R8d7 44. Rb8+ Kg7 45. Kg2 Nd3 46. Ree8 Nxf4+ 47. Kg3 Nh5+ 48. Kf2 Nf6 49. Re2 g5 50. h3 Kg6 51. Rb2 f4 52. Nc1 Rd2+ 53. Rxd2 Rxd2+ 54. Ne2 Rb2 55. Ke1 Rb3 56. Kf2 h5 57. h4 Kf5 58. hxg5 Kxg5 59. Rf8 Rb4 60. Nxf4 Kxf4 61. Rxf6+ Ke5 62. Rh6 Kd4 63. Rxh5 Rb2+ 64. Kg3 Kxc4 65. f4 Rb1 66. f5 Rg1+ 67. Kf2 Rg8 68. f6 Rf8 69. Rf5 Rf7 70. Ke3 b5 71. Ke4 b4 72. Ke5 b3 73. Ke6 Rf8 74. Ke7 Rb8 75. f7 b2 76. Rf1 Kb3 77. Kd6 c4 78. Kd5 c3 79. Kd4 Rd8+ 80. Kc5 c2 0-1